Statistics for Palindromes Quiz

Click here to take the quiz!

General Stats

  • This quiz has been taken 55,823 times
    (13,121 since last reset)
  • The average score is 13 of 20

Answer Stats

Definition Word % Correct
Short for motherMom
98%
Mid-dayNoon
90%
Optic organEye
86%
Canoe alternativeKayak
85%
Storm or aircraft detectorRadar
82%
SodaPop
75%
Keeps food off your clothesBib
74%
Night beforeEve
68%
GendersSexes
66%
More scarletRedder
63%
Ram's partnerEwe
60%
Habit wearerNun
58%
One-time musical jobGig
56%
Tool that measures flatnessLevel
55%
Musical arrangements for oneSolos
54%
Real estate documentDeed
49%
Iranian rulersShahs
46%
Viking epicsSagas
37%
Hostess of ill reputeMadam
35%
Made into a godDeified
30%

Score Distribution

Percentile by Number Answered

Percent of People with Each Score

Your Score History

You have not taken this quiz since the last reset